Štyri stretnutia s Hammerklavierom Hammerklavier festival, 28.-30. marca, VŠMU, In Music o.z., Dvorana VŠMU

Bibliographic Details
Main Author: Rusó, Vladimír, 1946- (Author)
Format: Article
Language:Slovak
PhysicalDescription:Fotogr.
ISSN:1335-4140
Subjects:

MARC

LEADER 00000nab a2200000 a 4500
001 vtls009307614
003 SK-MaSNL
005 20260304153313.0
008 250506c2008 xo zr|p|||||||000 b|slo
015 |a SNBRB2008/06  |2 snkbucl 
035 |a (uuid)346ebf51-2d8c-4940-8546-b8549cc1ab84 
035 |a urn:nbn:sk:snk-ab1x82 
035 |a (urnnbn)urn:nbn:sk:snk:ar-a0161y 
038 |a SNKBUCL 
040 |a SNKBUCL  |b slo  |c SNKBUCL  |e AACR2 
041 0 |a slo 
044 |a xo  |c SK 
080 |a 78.079:786.2  |2 2001 
080 |a 786.2  |2 2001 
100 1 |a Rusó, Vladimír,  |d 1946-  |4 aut  |9 103624 
245 1 0 |a Štyri stretnutia s Hammerklavierom  |b Hammerklavier festival, 28.-30. marca, VŠMU, In Music o.z., Dvorana VŠMU  |c Vladimír Rusó 
300 |b Fotogr. 
611 2 7 |a Hammerklavier festival  |n (1. :  |d 2008 :  |c Bratislava, Slovensko)  |2 snkbucl  |9 1476489 
650 0 7 |a kladivkové klavíry  |2 snkbucl  |9 1196905 
650 0 7 |a hra na kladivkovom klavíri  |2 snkbucl  |9 1196904 
773 0 |t Hudobný život  |g Roč. XL, č. 5 (2008), s. 12-13  |x 1335-4140 
850 |a Slovenská národná knižnica 
852 |a Slovenská národná knižnica 
954 |a odborná, vedecká literatúra pôvodná (slovenská)  |2 lita 
958 |a article27 
958 |a OND 
958 |a SK 
958 |a EUIPO 
999 |c 2953193  |d 2955123